En Vías hacia una estructura racional de la economía /

Guardat en:
Dades bibliogràfiques
Autor principal: Zuikov, Guennadi
Format: Text
Etiquetes: Afegir etiqueta
Sense etiquetes, Sigues el primer a etiquetar aquest registre!

MARC

LEADER 00000 a a2200000 04500
001 588
003
040
100 |a Zuikov, Guennadi  
245 |a En Vías hacia una estructura racional de la economía /  |c Guennadi Zuikov 
773 |g número 1; páginas 11-19  
999 |c 35963  |d 35963